Effect of Steel Fiber and Polyproplene Fiber on Strength Properties of Recycled Aggregate Concrete (Thesis ME) (Record no. 69069)

MARC details
000 -LEADER
fixed length control field 00423nam a22001217a 4500
100 ## - MAIN ENTRY--AUTHOR NAME
Personal name Mohsin Ali
-- 21MECE-10
-- Supervisor - Dr Mahboob Oad
245 ## - TITLE STATEMENT
Title Effect of Steel Fiber and Polyproplene Fiber on Strength Properties of Recycled Aggregate Concrete (Thesis ME)
260 ## - PUBLICATION, DISTRIBUTION, ETC. (IMPRINT)
Place of publication Nawabshah
Name of publisher QUEST
Year of publication 2025
300 ## - PHYSICAL DESCRIPTION
Number of Pages 80p.
700 ## - ADDED ENTRY--PERSONAL NAME
Personal name Department of Civil Engineering
942 ## - ADDED ENTRY ELEMENTS (KOHA)
Koha item type Thesis and Dissertation
Holdings
Withdrawn status Lost status Home library Current library Date acquired Accession Number Koha item type
    Research Section Research Section 29/06/2026 MP/102-1526 Thesis and Dissertation
    Research Section Research Section 29/06/2026 MP/102-1527 Thesis and Dissertation